| 000 | 00618nam a2200181Ia 4500 | ||
|---|---|---|---|
| 008 | 151018s9999 xx 000 0 und d | ||
| 082 |
_bRBASDV15451 _a630 |
||
| 100 | _aवि वा देशपांडे | ||
| 245 | _aलुकेना | ||
| 250 | _b1 | ||
| 260 |
_bमहाराष्ट्र राज्य साहित्य संस्कुती मंडळ मुंबई _c1981 |
||
| 300 | _a60 | ||
| 600 | _aवि वा देशपांडे | ||
| 630 | _aलुकेना | ||
| 700 | _aवि वा देशपांडे | ||
| 730 | _aलुकेना | ||
| 942 | _cBOOK | ||
| 999 |
_c1016178 _d1016175 |
||